Subhan-e-Afsane (Record no. 479884)
[ view plain ]
| 000 -LEADER | |
|---|---|
| fixed length control field | 00447nam a22001937a 4500 |
| 003 - CONTROL NUMBER IDENTIFIER | |
| control field | ASAB |
| 005 - DATE AND TIME OF LATEST TRANSACTION | |
| control field | 20180926052503.0 |
| 008 - FIXED-LENGTH DATA ELEMENTS--GENERAL INFORMATION | |
| fixed length control field | 151014t xxu||||| |||| 00| 0 eng d |
| 020 ## - INTERNATIONAL STANDARD BOOK NUMBER | |
| International Standard Book Number | 969-472-112-1 |
| 038 ## - RECORD CONTENT LICENSOR | |
| Staff Name | ASAB |
| 040 ## - CATALOGING SOURCE | |
| Transcribing agency | ASAB |
| 082 ## - DEWEY DECIMAL CLASSIFICATION NUMBER | |
| Classification number | FIC |
| 100 ## - MAIN ENTRY--PERSONAL NAME | |
| Personal name | Ashfaq Ahmad |
| 9 (RLIN) | 1346 |
| 245 ## - TITLE STATEMENT | |
| Title | Subhan-e-Afsane |
| 246 ## - VARYING FORM OF TITLE | |
| Title proper/short title | subhane afsane |
| 260 ## - PUBLICATION, DISTRIBUTION, ETC. | |
| Place of publication, distribution, etc. | Lahore |
| Name of publisher, distributor, etc. | Sang e Meel Publications |
| Date of publication, distribution, etc. | 2009 |
| 300 ## - PHYSICAL DESCRIPTION | |
| Extent | 279 P |
| 942 ## - ADDED ENTRY ELEMENTS (KOHA) | |
| Source of classification or shelving scheme | |
| Koha item type | Book |
| Withdrawn status | Lost status | Source of classification or shelving scheme | Damaged status | Not for loan | Collection code | Permanent Location | Current Location | Date acquired | Total Checkouts | Full call number | Barcode | Date last seen | Price effective from | Koha item type | Date last checked out |
|---|---|---|---|---|---|---|---|---|---|---|---|---|---|---|---|
| Atta-ur-Rahman School of Applied Biosciences (ASAB) | Atta-ur-Rahman School of Applied Biosciences (ASAB) | 10/14/2015 | Fic Ahmad | ASAB2337 | 10/14/2015 | 10/14/2015 | Book | ||||||||
| Atta-ur-Rahman School of Applied Biosciences (ASAB) | Atta-ur-Rahman School of Applied Biosciences (ASAB) | 10/14/2015 | 1 | Fic Ahmad | ASAB2336 | 05/16/2017 | 10/14/2015 | Book | 02/27/2017 | ||||||
| Atta-ur-Rahman School of Applied Biosciences (ASAB) | Atta-ur-Rahman School of Applied Biosciences (ASAB) | 10/14/2015 | Fic Ahmad | ASAB2335 | 05/16/2017 | 10/14/2015 | Book | ||||||||
| Atta-ur-Rahman School of Applied Biosciences (ASAB) | Atta-ur-Rahman School of Applied Biosciences (ASAB) | 10/14/2015 | Fic Ahmad | ASAB2334 | 10/14/2015 | 10/14/2015 | Book | ||||||||
| Atta-ur-Rahman School of Applied Biosciences (ASAB) | Atta-ur-Rahman School of Applied Biosciences (ASAB) | 10/14/2015 | 1 | Fic Ahmad | ASAB2333 | 09/26/2018 | 10/14/2015 | Book | 04/28/2017 |
